| 000 | 01366nam a2200313 a 4500 | ||
|---|---|---|---|
| 001 | 000027836 | ||
| 003 | DO-SdBNP | ||
| 005 | 20251118112109.0 | ||
| 008 | 090706s2002 dr acd 000 0 spa d | ||
| 040 |
_aDO-SdBNP _bspa _cBNPHU |
||
| 082 |
_a332.11 _bB213p |
||
| 110 | 2 |
_aBanco Central de la República Dominicana _983405 |
|
| 245 | 1 | 0 |
_aPlan estratégico : _bperfil año 2001 / _ctextos, Daysi Díaz Francisco, José del Castillo, Miguel Reyes Sánchez ; fotografías, Nicole Sánchez. |
| 260 |
_aSanto Domingo : _bBanco Central, _c[2002]. |
||
| 300 |
_a105 p. : _bil., retrs., tablas ; _c29 cm. |
||
| 505 | 0 |
_tDiscurso del gobernador / _rLic. Francisco M. Guerrero Prats -- _tPlan estratégico del Banco Central -- _tJunta monetaria -- _tMisión y visión por departamentos -- _tInforme de la economía dominicana. |
|
| 590 | _aInventariado, 2018/MFF | ||
| 650 | 0 |
_aBancos centrales _954908 |
|
| 650 | 4 |
_aPlanificación estratégica _92433 |
|
| 650 | 4 |
_aBancos _xAdministración _954909 |
|
| 650 | 4 |
_aPlanificación financiera _954910 |
|
| 651 | 4 |
_aRepública Dominicana _xCondiciones Económicas _9281 |
|
| 700 | 1 |
_aDíaz Francisco, Daysi _954911 |
|
| 700 | 1 |
_aCastillo, José del Castillo _954912 |
|
| 700 | 1 |
_aReyes Sánchez, Miguel _916027 |
|
| 700 | 1 |
_aSánchez, Nicole, _efotogr. _954913 |
|
| 910 | _aValidado. Control de calidad EMS | ||
| 942 |
_2ddc _cLBS1 |
||
| 999 |
_c27328 _d27328 |
||